Tratado sobre la tolerancia

Kaydedildi:
Detaylı Bibliyografya
Yazar: Walzer, Michael (Yazar)
Materyal Türü: Kitap
Dil:İspanyolca
Baskı/Yayın Bilgisi: Barcelona Paidós 1998
Edisyon:1a. ed
Seri Bilgileri:Colección Paidós Estado y Sociedad
Konular:
Etiketler: Etiketle
Etiket eklenmemiş, İlk siz ekleyin!

MARC

LEADER 00000cam a2200000 a 4500
001 UCP5552
003 CL-VaPUC
008 990927e19980000SP |||||||||||||||||spa|d
020 |a 8449306183 
082 0 4 |a 172  |b WAL  |2 21 
100 0 |a Walzer, Michael  |e author  |9 434043 
245 1 0 |a Tratado sobre la tolerancia 
250 |a 1a. ed 
300 |a 128 p 
942 |c BK 
945 |d 19990927 00:00:00  |a rbrito 
260 |a Barcelona  |b Paidós  |c 1998 
650 7 |a SISTEMAS POLITICOS  |2 CL-VaPUC  |9 434044 
650 0 |a Política  |9 255312 
650 0 |a Tolerancia  |9 313098 
650 0 |a Relaciones Internacionales  |9 255740 
651 0 |a Francia  |9 255157 
651 0 |a Israel  |9 314378 
651 7 |a CANADA  |2 CL-VaPUC  |9 434045 
651 0 |a Europa  |9 255156 
583 |a last modification  |c 20130404 01:59:31  |k Rodrigo Vera 
490 0 |a Colección Paidós Estado y Sociedad 
999 |c 283291  |d 283289 
952 |0 0  |1 0  |4 0  |6 172_000000000000000_WAL_1998  |7 0  |8 A  |9 326246  |a BIBTEO  |b BIBTEO  |d 2019-11-20  |i 3552330  |o 172 WAL 1998  |p 3552330  |r 2025-01-17  |w 2019-11-20  |y BK  |k ICR 
952 |0 0  |1 0  |4 0  |6 172_000000000000000_WAL_1998  |7 0  |8 A  |9 326247  |a BIBEDU  |b BIBEDU  |d 2019-11-20  |i 4961668  |o 172 WAL 1998  |p 4961668  |r 2019-11-20  |w 2019-11-20  |y BK  |k PSI